000 01870nam a2200349 4500
001 266
003 OSt
005 20250528074016.0
008 250312b |||||||j |||| 00| 1 eng d
020 _a9788539505166
040 _bPor
041 _heng
_apor
082 _a028.5
_bS879c
100 _aStone, Rex
_9494
240 _aDinosaur Cove: Attack of the Lizard King
245 _aA Caverna dos Dinossauros
_bO ataque do lagarto rei /
_cStone, Rex ; tradução de Barbara Sampaio Vieira Duarte e ilustração de Mike Spoor
260 _aSão Paulo
_bFundamento
_c2014
300 _a59 p.
_bil.
490 1 _aA Caverna dos Dinossauros
_vLivro 1
520 _aJamie e seu pai acabam de se mudar para a Enseada do Dinossauro. O lugar tem esse nome por causa dos inúmeros fósseis que são encontrados lá. E o que pode ser mais legal que fósseis de dinossauro? Dinossauros de verdade, oras! Quando Jamie e seu amigo, Tom, exploram a famosa Caverna dos Dinossauros, eles fazem uma descoberta sensacional e totalmente inesperada! Uma passagem secreta os leva a um mundo que parece ter parado no tempo, pois é habitado por várias espécies de dinossauros. Inclusive o maior e mais perigoso dos carnívoros: o Tyrannosaurus rex! Agora, Jamie e Tom precisam fugir do assustador tiranossauro e encontrar o caminho de volta para casa antes que virem comida do monstro ou que a maré suba e inunde a caverna. Será que eles conseguem? Venha conferir!
650 0 _aLiteratura Americana
_984
650 0 _aInfantojuvenil
_9200
650 0 _aDinossauros
_9495
650 0 _aAventura
_947
650 0 _aGrandes Amizades
_928
655 0 _aRomance
_923
655 0 _aFicção
_922
700 _aBarbara Sampaio Vieira Duarte
_eTRADUTORA
_9496
700 _aMike Spoor
_eIlustrador
_9497
830 _aA Caverna dos Dinossauros
_vLivro 1
_9498
942 _2ddc
_n0
_cBK
999 _c266
_d266